Affrontez l'Alphabet #27 (spécial personnages de dessins animés) - Statistiques

Statistiques générales
  • Ce quiz a été pris 140 fois
  • Le résultat moyen est 6 sur 11
Statistiques - réponses
Hint Réponse % Correct
Donne les 2 lettres manquantes dans le nom de ce personnage de dessin animé : P_pe_e
OY
100%
Donne les 2 lettres manquantes dans le nom de ce personnage de dessin animé : Betty _oo_
BP
85%
Donne les 2 lettres manquantes dans le nom de ce personnage de dessin animé : Tryphon To_ _nesol
UR
85%
Donne les 2 lettres manquantes dans le nom de ce personnage de dessin animé : _uas_modo
QI
81%
Donne les 2 lettres manquantes dans le nom de ce personnage de dessin animé : Eric _art_an
CM
74%
Donne les 2 lettres manquantes dans le nom de ce personnage de dessin animé : Huc_leberry _inn
KF
46%
Donne les 2 lettres manquantes dans le nom de ce personnage de dessin animé : _a_otte
JV
35%
Donne les 2 lettres manquantes dans le nom de ce personnage de dessin animé : _pri_ O'Neil
AL
32%
Donne les 2 lettres manquantes dans le nom de ce personnage de dessin animé : Professeur C_e_
HN
20%
Donne les 2 lettres manquantes dans le nom de ce personnage de dessin animé : chef _on_ier
GT
13%
Dernière Question : Donne la lettre dans le nom de ce personnage de dessin animé : Le chef Clancy _iggum
W
11%
Aucun quiz correspondant
Distribution des résultats
% des personnes avec chaque résultat
Percentile par nombre de réponses
Votre historique - résultats
Vous n’avez pas pris ce quiz